Šanca stále žije

Štrukturálnym nedostatkom strojárstva je export s malou pridanou hodnotou. Rozvoj strojárstva a jeho charakteristické znaky v SR. Nesolventnosť rozvojových trhov.

Enregistré dans:
Détails bibliographiques
Auteur principal: Sotník, Alexander
Format: Chapitre de livre
Langue:slovaque
Sujets:
Tags: Ajouter un tag
Pas de tags, Soyez le premier à ajouter un tag!

MARC

LEADER 00000naa a2200000 4500
001 r038801
005 20230920071420.4
041 0 |a slo 
044 |a SK 
245 1 0 |a Šanca stále žije  |c Alexander Sotník 
520 |a Štrukturálnym nedostatkom strojárstva je export s malou pridanou hodnotou. Rozvoj strojárstva a jeho charakteristické znaky v SR. Nesolventnosť rozvojových trhov. 
610 2 0 |a priemysel strojársky 
610 2 0 |a výroba strojárska 
610 2 0 |a rast produktivity práce 
610 2 0 |a podnik strojársky 
610 2 0 |a trh zahraničný 
610 2 0 |a konkurencia 
610 2 0 |a náročnosť výroby materiálová 
610 2 0 |a Slovensko 
100 1 |a Sotník, Alexander